| 000 | 01136nam a2200289 a 4500 | ||
|---|---|---|---|
| 001 | 000015386 | ||
| 005 | 20250512093701.0 | ||
| 008 | 100208s2004 dr 000 0 spa d | ||
| 020 | _a9993442259 | ||
| 040 | _aDO-SdBNP | ||
| 082 |
_a868.5 _bD598c |
||
| 111 | 1 |
_aDirección General de la Feria Internacional del Libro de Santo Domingo _925373 |
|
| 245 | 1 | 0 |
_aColoquios 2003 / _cArmando Almánzar Botello ... [et. al.]. ; presentación Carlos Esteban Deive. |
| 260 |
_aSanto Domingo : _bDirección General de la Feria del Libro, _c2004. |
||
| 300 |
_a279 p. ; _c24 cm. |
||
| 490 | 1 | _aEdiciones Ferilibro | |
| 500 | _aIncluye notas al pie de la páginas | ||
| 504 | _aIncluye referencias bibliográficas ( p. 277- 279) | ||
| 650 | 4 |
_aLiteratura cubana _xCongresos, conferencias, etc. _934752 |
|
| 650 | 4 |
_aLiteratura dominicana _xCongresos, conferencias, etc. _934753 |
|
| 650 | 4 |
_aLiteratura infantil dominicana _9441 |
|
| 650 | 4 |
_aLibros _xExposiciones _934754 |
|
| 700 | 1 |
_aAlmánzar Botello, Armando, _d1956- _9826 |
|
| 700 | 1 |
_aDeive, Carlos Esteban, _d1935-2019 _91916 |
|
| 830 | 0 |
_aEdiciones Ferilibro _9150 |
|
| 049 | _aBNPD | ||
| 999 |
_c14948 _d14948 |
||